[Event "FRA-ch U20 Girls"]
[Site "Aix les Bains"]
[Date "2006.04.??"]
[Round "6"]
[White "Lam, Sophie"]
[Black "Boulfaf, Amel"]
[Result "1-0"]
[WhiteElo "2049"]
[BlackElo "1530"]
[PlyCount "69"]
[EventDate "2006.04.??"]
[EventType "tourn"]
[EventRounds "9"]
[EventCountry "FRA"]
[SourceTitle "EXT 2007"]
[Source "ChessBase"]
[SourceDate "2006.11.23"]
[SourceVersion "1"]
[SourceVersionDate "2006.11.23"]
[SourceQuality "1"]

1. e4 e5 2. Nf3 Nc6 3. Bb5 d6 4. h3 a6 5. Ba4 b5 6. Bb3 Be7 7. c3 Nf6 8. 0-0 0-0 9. Re1 Na5 10. Bc2 Be6 11. d4 exd4 12. cxd4 c6 13. Nc3 d5 14. Ng5 dxe4 15. Nxe6 fxe6 16. Nxe4 Nxe4 17. Rxe4 Bf6 18. Qd3 Qd5 19. Bd2 Nc4 20. Bc3 Rad8 21. Rd1 Rd7 22. Qe2 Re8 23. Bb3 Qf5 24. Re1 Rd6 25. Bc2 Qd5 26. Kh1 Kf7 27. Re5 Bxe5 28. Be4 Bxd4 29. Bxd5 Bxc3 30. Qf3+ Bf6 31. Bxc6 Re7 32. b3 Ne5 33. Rxe5 Rxc6 34. Re1 Kg8 35. Qxc6 1-0

[Event "FRA-ch U20 Girls"]
[Site "Aix les Bains"]
[Date "2006.04.??"]
[Round "2"]
[White "Marchadour, Emilie"]
[Black "Boulfaf, Amel"]
[Result "1-0"]
[WhiteElo "2050"]
[BlackElo "1530"]
[PlyCount "83"]
[EventDate "2006.04.??"]
[EventType "tourn"]
[EventRounds "9"]
[EventCountry "FRA"]
[SourceTitle "EXT 2007"]
[Source "ChessBase"]
[SourceDate "2006.11.23"]
[SourceVersion "1"]
[SourceVersionDate "2006.11.23"]
[SourceQuality "1"]

1. e4 e5 2. Nf3 Nc6 3. Bb5 d6 4. 0-0 Nf6 5. Re1 Bg4 6. c3 a6 7. Ba4 b5 8. Bc2 Be7 9. Qe2 0-0 10. Qe3 Ne8 11. h3 Bd7 12. d4 exd4 13. cxd4 Qc8 14. Nc3 Bd8 15. a3 Ne7 16. Nh2 f5 17. e5 dxe5 18. Qxe5 Ng6 19. Qc5 Nd6 20. Nd5 Qb7 21. Nf4 Nh4 22. Bb3+ Kh8 23. Bd5 c6 24. Qxd6 Rf6 25. Qe5 Bc7 26. Qe7 Bxf4 27. Bxf4 cxd5 28. Be5 Re8 29. Bxf6 Rxe7 30. Bxe7 Ng6 31. Nf3 f4 32. Rac1 h6 33. Bd6 Bf5 34. h4 h5 35. Re8+ Kh7 36. Ng5+ Kh6 37. Rc7 Qb6 38. Nf7+ Kh7 39. Bxf4 Qa5 40. Ng5+ Kh6 41. Rc6 Bd7 42. Rh8# 1-0

[Event "FRA-ch U18 Girls"]
[Site "Calvi"]
[Date "2005.04.20"]
[Round "5"]
[White "Boulfaf, Amel"]
[Black "Magnin, Segolene"]
[Result "0-1"]
[WhiteElo "1540"]
[BlackElo "1900"]
[PlyCount "78"]
[EventDate "2005.04.??"]
[EventType "swiss"]
[EventRounds "9"]
[EventCountry "FRA"]
[SourceTitle "EXT 2006"]
[Source "ChessBase"]
[SourceDate "2005.11.24"]
[SourceVersion "1"]
[SourceVersionDate "2005.11.24"]
[SourceQuality "1"]

1. e4 e6 2. d4 d5 3. e5 c5 4. c3 Nc6 5. Nf3 Bd7 6. Be2 Qb6 7. Nbd2 cxd4 8. cxd4 Nxd4 9. Nxd4 Qxd4 10. Nf3 Qxd1+ 11. Bxd1 Bb5 12. Bd2 Rc8 13. a4 Bd3 14. b4 a6 15. Ra3 Bc4 16. a5 Ne7 17. Nd4 Nc6 18. Nxc6 bxc6 19. Re3 Be7 20. Be2 Bxe2 21. Rxe2 0-0 22. 0-0 Rb8 23. Rb1 c5 24. Re3 Bg5 25. Rd3 Bxd2 26. Rxd2 Rb5 27. Rdb2 Rfb8 28. Kf1 Kf8 29. Ke2 Ke7 30. Kd3 Kd7 31. Kc3 Kc6 32. f4 d4+ 33. Kc4 Rxb4+ 34. Rxb4 Rxb4+ 35. Rxb4 cxb4 36. Kxb4 Kd5 37. Kb3 Ke4 38. Kc4 d3 39. Kc3 Ke3 0-1